Finiti element method in machine

Saved in:
Bibliographic Details
Main Author: Ramamurti
Format: Book
Language:English
Tags: Add Tag
No Tags, Be the first to tag this record!
Call Number :

MARC

LEADER 00000nam a2200000 a 4500
001 47211
003 MY-KLNDU
005 20241219005114.0
008 121101 000 0 eng d
020 |a 9781842657478 
039 9 |y 201211011243  |z hasniza 
100 1 |a Ramamurti 
245 1 |a Finiti element method in machine 
999 |a vtls000047750  |c 47211  |d 47211